Carmina expurgata /

Horacio (Quinto Horacio Flaco, 66-8 a.C.), poeta lírico y satírico latino nacido en Venusia, Italia; estudió en Roma con los mejores maestros de su época y en Atenas, donde completó sus estudios retóricos y filosóficos. De regreso a Roma estableció amistad estrecha con Virgilio y Cayo Mecenas, que l...

Mô tả đầy đủ

Đã lưu trong:
Chi tiết về thư mục
Tác giả chính: Horacio Flaco, Quinto (autor)
Định dạng: Sách
Ngôn ngữ:Tiếng La-tinh
Những chủ đề:
Các nhãn: Thêm thẻ
Không có thẻ, Là người đầu tiên thẻ bản ghi này!

MARC

LEADER 00000nam^a2200000^a^4500
001 000299302
005 20250526000000.0
009 20260526135326.907
037 |a Acervo Xavier Clavigero 
041 |a LAT 
082 |a 878.  |b HOR 
100 |a Horacio Flaco, Quinto  |e (autor) 
240 1 1 |a [Odas de Horacio] 
240 1 1 |a [Epodos de Horacio] 
240 1 1 |a [Sátiras de Horacio] 
240 1 1 |a [Epístolas de Horacio] 
240 1 1 |a [Arte poética de Horacio] 
240 1 1 |a [Obras completas de Horacio] 
245 1 0 |a Carmina expurgata /  |c Q. Horacio Flaco. 
264 |a París, Francia :  |b Libraire Victor Lecoffre,  |c 1896 
300 |a XII, 323 p. ;  |c 16.0 cm. 
336 |a texto  |b txt  |2 rdacontenido 
337 |a sin mediación  |b n  |2 rdamedio 
338 |a volumen  |b nc  |2 rdasoporte 
520 |a Horacio (Quinto Horacio Flaco, 66-8 a.C.), poeta lírico y satírico latino nacido en Venusia, Italia; estudió en Roma con los mejores maestros de su época y en Atenas, donde completó sus estudios retóricos y filosóficos. De regreso a Roma estableció amistad estrecha con Virgilio y Cayo Mecenas, que lo introdujeron en los círculos literarios y políticos. Sus escritos se dividen en cuatro grupos: Odas (Carmina); Epodos (Epodon liber); Sátiras (Saturae o Sermones); y Epístolas, donde se incluye su famosa Ars poetica. 
520 |a Dos ejemplares, procedentes del Fondo Xavier Clavigero, de esta edición francesa de las Obras de Horacio (1896) en su versión original en latín están ubicados en el Fondo de Libros Raros y Antiguos de la Biblioteca del ITESO. Aunque ambos ejemplares corresponden a la misma edición, presentan diferencias en sus características físicas, muy probablemente debido a que perdieron sus cubiertas originales y fueron sometidos a procesos de encuadernación. 
562 |a Falta cubierta 
649 |a XX 
650 |a Oda -  |z Roma 
650 |a Poesía Latina 
650 |a Sátira Latina 
650 |a Sátira Clásica 
650 |a Cartas Latinas 
650 |a Cartas Clásicas 
650 |a Poética 
650 |a Preceptiva Literaria 
650 |a Literatura Latina -  |y Siglo I a.C. 
650 |a Literatura Clásica -  |y Siglo I a.C. 
740 0 |a Odarum /  |c Q. Horacio Flaco. 
740 0 |a Epodon /  |c Q. Horacio Flaco. 
740 0 |a Satyrarum /  |c Q. Horacio Flaco. 
740 0 |a Epistolarum /  |c Q. Horacio Flaco. 
740 0 |a De arte poetica /  |c Q. Horacio Flaco. 
910 |a Fondo General 
920 |a Impresos - Libros 
930 |a Libros Antiguos y Raros 
940 |a Literatura 
905 |a 108 
901 |a 0500185119  |b IT2  |c LRA  |u 20250526 
901 |a 0500185117  |b IT2  |c LRA  |u 20250526 
902 |a https://opac.biblio.iteso.mx/vufind/Record/000299302